CURIOUS PEARL DIVES INTO WEATHER : (Record no. 174422)
[ view plain ]
| 000 -LEADER | |
|---|---|
| fixed length control field | 01514nam a22003497i 4500 |
| 003 - CONTROL NUMBER IDENTIFIER | |
| control field | PPAK |
| 005 - DATE AND TIME OF LATEST TRANSACTION | |
| control field | 20191013163402.0 |
| 008 - FIXED-LENGTH DATA ELEMENTS--GENERAL INFORMATION | |
| fixed length control field | 190922t20192019mnua b 001 0 eng d |
| 020 ## - INTERNATIONAL STANDARD BOOK NUMBER | |
| International Standard Book Number | 9781515829812 |
| Terms of availability | RM21.30 |
| Qualifying information | paperback |
| 040 ## - CATALOGING SOURCE | |
| Original cataloging agency | PPAK |
| Language of cataloging | eng |
| Transcribing agency | PPAK |
| Description conventions | rda |
| 082 04 - DEWEY DECIMAL CLASSIFICATION NUMBER | |
| Edition number | 23 |
| Classification number | 551.5 |
| 090 00 - LOCALLY ASSIGNED LC-TYPE CALL NUMBER (OCLC); LOCAL CALL NUMBER (RLIN) | |
| Classification number (OCLC) (R) ; Classification number, CALL (RLIN) (NR) | 551.5 |
| Feature heading | BRA |
| Feature heading | R |
| 100 1# - MAIN ENTRY--PERSONAL NAME | |
| Personal name | Braun, Eric, |
| Relator term | author. |
| Dates associated with a name | 1971- |
| 245 10 - TITLE STATEMENT | |
| Title | CURIOUS PEARL DIVES INTO WEATHER : |
| Remainder of title | An Augmented Reading Science Experience / |
| Statement of responsibility, etc. | by Eric Braun ; illustrated by Anthony Lewis |
| 264 #1 - PRODUCTION, PUBLICATION, DISTRIBUTION, MANUFACTURE, AND COPYRIGHT NOTICE | |
| Place of production, publication, distribution, manufacture | North Mankato, Minnesota : |
| Name of producer, publisher, distributor, manufacturer | PICTURE WINDOW BOOKS , |
| Date of production, publication, distribution, manufacture, or copyright notice | [2019] |
| Date of production, publication, distribution, manufacture, or copyright notice | © 2019 |
| 300 ## - PHYSICAL DESCRIPTION | |
| Extent | 24 pages : |
| Other physical details | colour illustrations ; |
| Dimensions | 25 cm |
| 336 ## - CONTENT TYPE | |
| Source | rdacontent |
| Content type term | text |
| 337 ## - MEDIA TYPE | |
| Source | rdamedia |
| Media type term | unmediated |
| 338 ## - CARRIER TYPE | |
| Source | rdacarrier |
| Carrier type term | volume |
| 490 1# - SERIES STATEMENT | |
| Series statement | CURIOUS PEARL. SCIENCE GIRL |
| 500 ## - GENERAL NOTE | |
| General note | A 4D Book |
| 504 ## - BIBLIOGRAPHY, ETC. NOTE | |
| Bibliography, etc. note | Includes bibliographical references (page 22) and index. |
| 520 ## - SUMMARY, ETC. | |
| Summary, etc. | "It's summer, and Curious Pearl and her friend Sabina are at the beach. Sabina convinces Pearl to get in the water, but then it begins to rain! They run to Pearl's home to change into dry clothes and learn more about weather. Free bonus video content through the Capstone 4D augmented reality app enhances the science experience." |
| 521 1# - TARGET AUDIENCE NOTE | |
| Target audience note | Audience Ages 5-7.<br/> |
| Target audience note | K to grade 3. |
| 650 10 - SUBJECT ADDED ENTRY--TOPICAL TERM | |
| Topical term or geographic name entry element | Meteorology |
| Form subdivision | Juvenile literature |
| Topical term or geographic name entry element | Weather |
| Form subdivision | Juvenile literature |
| 700 1# - ADDED ENTRY--PERSONAL NAME | |
| Personal name | Lewis, Anthony, |
| Relator term | illustrator. |
| 830 #0 - SERIES ADDED ENTRY--UNIFORM TITLE | |
| Uniform title | Curious Pearl. science girl |
| 942 ## - ADDED ENTRY ELEMENTS (KOHA) | |
| Source of classification or shelving scheme | Dewey Decimal Classification |
| Koha item type | Book |
| Withdrawn | Not for loan | Current library | Shelving location | Date acquired | Full call number | Barcode | Date last seen | Koha item type | Total Checkouts | Date last checked out | Total Renewals |
|---|---|---|---|---|---|---|---|---|---|---|---|
| Perpustakaan Alor Setar | Pinjaman Kanak-kanak | 29/10/2019 | K 551.5 BRA | A01617666 | 29/10/2019 | Book | |||||
| Perpustakaan Awam Sungai Petani | Pinjaman Kanak-kanak | 29/10/2019 | K 551.5 BRA | A01617667 | 21/09/2025 | Book | 1 | 09/09/2025 | |||
| Perpustakaan Jitra | Pinjaman Kanak-kanak | 29/10/2019 | K 551.5 BRA | A01617668 | 22/03/2023 | Book | 1 | 08/03/2023 | |||
| Perpustakaan Kulim | Pinjaman Kanak-kanak | 29/10/2019 | K 551.5 BRA | A01617669 | 07/03/2026 | Book | 3 | 14/02/2026 | 1 | ||
| Perpustakaan Langkawi | Pinjaman Kanak-kanak | 29/10/2019 | K 551.5 BRA | A01617670 | 17/11/2022 | Book | 2 | 27/10/2022 |